000 00682nam a2200145Ia 4500
008 210324s9999||||xx |||||||||||||| ||und||
040 _cSTCPL
041 _hHND
082 _a891.431
_bx???#????
245 0 _aManjarika
_hमंजरिका
260 _aIndia
_bThe Educational Book Depot
_c1963
300 _ap- 119 17.5 cm
650 _aEast Indo-European And Celtic LiteraturesHindiiiiiiiiiiiiiiiiविषय प्रवेश , प्राक्तिक जीवन - चर्य, सामान्य जीवन - चित्रण, परिवारीक जीवन चित्रण , सामाजिक जीवन - चित्रण
942 _cBK
999 _c9737
_d9737